|
|
|
|
| LEADER |
00000nam a2200000Ii 4500 |
| 001 |
DIGEDBONAV0068 |
| 003 |
NyNyDIG |
| 008 |
230508s2018 ck ab o 000 0 spa d |
| 006 |
m o d |
| 007 |
cr ||||||||||| |
| 035 |
|
|
|a (OCoLC)1380642865
|
| 040 |
|
|
|a DGITA
|b eng
|e rda
|e pn
|c DGITA
|
| 020 |
|
|
|z 9789585415287
|
| 050 |
1 |
4 |
|a NA1 ebook
|
| 245 |
0 |
0 |
|a Arquitectura 35 años /
|c Andrés F. Erazo Barco [and 45 others].
|
| 264 |
|
1 |
|a Colombia, Sur América :
|b Editorial Bonaventuriana,
|c 2018.
|
| 300 |
|
|
|a 1 online resource :
|b illustrations, maps.
|
| 336 |
|
|
|a text
|b txt
|2 rdacontent
|
| 337 |
|
|
|a computer
|b c
|2 rdamedia
|
| 338 |
|
|
|a online resource
|b cr
|2 rdacarrier
|
| 347 |
|
|
|a text file
|2 rdaft
|
| 347 |
|
|
|b PDF
|
| 588 |
0 |
|
|a Online resource; title from PDF title page (Digitalia, viewed May 8, 2023)
|
| 650 |
|
0 |
|a Architecture
|v Sketch-books.
|
| 650 |
|
0 |
|a Architecture
|v Designs and plans.
|
| 700 |
1 |
|
|a Erazo Barco, Andrés Felipe,
|d 19..-
|e author.
|
| 791 |
2 |
|
|a Digitalia (Firm),
|e distributor.
|
| 793 |
0 |
|
|g Digitalia eBook Collection:
|a Editorial Bonaventuriana
|
| 776 |
0 |
8 |
|i Print version:
|t Arquitectura 35 años.
|d Colombia, Sur América : Editorial Bonaventuriana, 2018
|z 9789585415287
|
| 856 |
4 |
0 |
|3 Digitalia Hispánica
|u https://www.digitaliapublishing.com/a/124959/
|
| 910 |
|
|
|a Premium collection: 2023
|